ბათუმის შოთა რუსთაველის სახელმწიფო უნივერსიტეტის ბიბლიოთეკა

ქართული ენა : გრამატიკა, ფონეტიკა, გრაფიკა, ლექსიკა, პუნქტუაცია : (ბიბ.ჩანაწერი № 53446)

000 -ლიდერი
ფიქსირებული სიგრძის საკონტროლო ველი 01405nam a2200325Ia 4500
001 - საკონტროლო ნომერი
საკონტროლო ველი 20490
003 - საკონტროლო ნომრის იდენტიფიკატორი
საკონტროლო ველი GE_BSU
005 - ბოლო ოპერაციის თარიღი და დრო
საკონტროლო ველი 20210104200848.0
008 - ფიქსირებული სიგრძის მონაცემთა ელემენტები - ზოგადი ინფორმაცია
ფიქსირებული სიგრძის საკონტროლო ველი 181216s1977||||ge |||||||||||||| ||geo||
040 ## - კატალოგიზაციის წყარო
Transcribing agency GE_BSU
041 ## - ენის კოდი
Language code of text/sound track or separate title geo
080 ## - უნივერსალური ათობითი კლასიფიკაციის ინდექსი
Universal Decimal Classification number 811.353.1-8(075.3)
100 ## - მთავარი ჩანაწერი - პიროვნების სახელი
Personal name შანიძე, ა.
9 (RLIN) 9980
245 ## - ცნობა სათაურის შესახებ
Title ქართული ენა : გრამატიკა, ფონეტიკა, გრაფიკა, ლექსიკა, პუნქტუაცია :
Remainder of title მე-4 კლ. /
Statement of responsibility, etc ა. შანიძე, ი. იმნაიშვილი, ლ. კვაჭაძე ; რედ. ნ.სუხიტაშვილი.
250 ## - გამოცემის ცნობა
Edition statement მე-4 გამოცემა
264 ## - წარმოების, გამოცემის, დისტრიბუციის და სხვა ცნობები
გამოცემის, წარმოების, დისტრიბუციის... ადგილი თბილისი :
გამოცემის, წარმოების, დისტრიბუციის... სახელწოდება განათლება,
გამოცემის, წარმოების, დისტრიბუციის... თარიღი 1977.
300 ## - ფიზიკური აღწერა
Extent 115 გვ. ;
Dimensions 22 სმ.
653 ## - INDEX TERM--UNCONTROLLED
Uncontrolled term მე-4 კლასი
653 ## - INDEX TERM--UNCONTROLLED
Uncontrolled term ქართული ენა
653 ## - INDEX TERM--UNCONTROLLED
Uncontrolled term გრამატიკა
653 ## - INDEX TERM--UNCONTROLLED
Uncontrolled term ფონეტიკა
653 ## - INDEX TERM--UNCONTROLLED
Uncontrolled term გრაფიკა
653 ## - INDEX TERM--UNCONTROLLED
Uncontrolled term ლექსიკა
653 ## - INDEX TERM--UNCONTROLLED
Uncontrolled term პუნქტუაცია
700 ## - ADDED ENTRY--PERSONAL NAME
Personal name იმნაიშვილი, ი.
Relator term ავტორი
9 (RLIN) 9981
700 ## - ADDED ENTRY--PERSONAL NAME
Personal name კვაჭაძე, ლ.
Relator term ავტორი
9 (RLIN) 9982
700 ## - ADDED ENTRY--PERSONAL NAME
Personal name სუხიტაშვილი, ნ.
Relator term რედაქტორი
9 (RLIN) 9983
942 ## - ADDED ENTRY ELEMENTS (KOHA)
Koha item type წიგნი
Source of classification or shelving scheme
ეგზემპლარები
ჩამოწერის სტატუსი დაკარგული ეგზემპლარის სტატუსი კლასიფიკაციის წყარო ან თაროზე გაწყობის სქემა დაზიანების სტატუსი არ გაიცემა მუდმივი მდებარეობა (დაცვის ადგილი) ამჟამინდელი ადგილსამყოფელი თაროზე განთავსების ადგილი შეძენის თარიღი ღირებულება, შესყიდვის ნორმალური ფასი სრული შენახვის შიფრი შტრიხკოდი ბოლო ოპერაციის თარიღი ეგზემპლარის მიმდევრობითი ნომერი (კეტერი?) ფასის ძალაში შესვლის თარიღი ეგზემპლარის სახეობა საჯარო შენიშვნა
          ბათუმის შოთა რუსთაველის სახელმწიფო უნივერსიტეტის მთავარი ბიბლიოთეკა ბათუმის შოთა რუსთაველის სახელმწიფო უნივერსიტეტის მთავარი ბიბლიოთეკა წიგნსაცავი 2018-12-17 0.24 811.353.1-8(075.3) 53485 2018-12-17 53485 2018-12-17 წიგნი 0.24 ლ.
          ბათუმის შოთა რუსთაველის სახელმწიფო უნივერსიტეტის მთავარი ბიბლიოთეკა ბათუმის შოთა რუსთაველის სახელმწიფო უნივერსიტეტის მთავარი ბიბლიოთეკა წიგნის კალათა 2018-12-17 0.24 811.353.1-8(075.3) 53486 2018-12-17 53486 2018-12-17 წიგნი 0.24 ლ.